A short history of the Tenant Services Authority (Record no. 113575)
[ view plain ]
| 000 -LEADER | |
|---|---|
| fixed length control field | 00875cad a22001935a 4500 |
| 001 - CONTROL NUMBER | |
| control field | L155442 |
| 008 - FIXED-LENGTH DATA ELEMENTS--GENERAL INFORMATION | |
| fixed length control field | 120323s2012 xxk f 000 0 eng d |
| 035 ## - SYSTEM CONTROL NUMBER | |
| System control number | (Sirsi) u155442 |
| 041 0# - LANGUAGE CODE | |
| Language code of text/sound track or separate title | eng |
| 110 2# - MAIN ENTRY--CORPORATE NAME | |
| Corporate name or jurisdiction name as entry element | Tenant Services Authority |
| 9 (RLIN) | 5662 |
| 245 02 - TITLE STATEMENT | |
| Title | A short history of the Tenant Services Authority |
| Medium | [electronic resource] |
| 260 ## - PUBLICATION, DISTRIBUTION, ETC. | |
| Place of publication, distribution, etc. | London |
| Name of publisher, distributor, etc. | TSA |
| Date of publication, distribution, etc. | 2012 |
| 520 ## - SUMMARY, ETC. | |
| Summary, etc. | A short history of the Tenant Services Authority set up in 2008 and closed in March 2012. Its regulatory function will be taken over by the Regulation Commission of the Housing and Communties Agency with effect from 1 April 2012. |
| 590 ## - LOCAL NOTE (RLIN) | |
| Local note | KA NTK |
| 651 #4 - SUBJECT ADDED ENTRY--GEOGRAPHIC NAME | |
| Geographic name | England |
| Chronological subdivision | 886- |
| 690 ## - LOCAL SUBJECT ADDED ENTRY--TOPICAL TERM (OCLC, RLIN) | |
| Topical term or geographic name as entry element | Affordable housing |
| 9 (RLIN) | 6215 |
| 856 40 - ELECTRONIC LOCATION AND ACCESS | |
| Uniform Resource Identifier | <a href="https://www.tenantservicesauthority.org/server/show/ConWebDoc.21849/changeNav/14567">https://www.tenantservicesauthority.org/server/show/ConWebDoc.21849/changeNav/14567</a> |
| Public note | View the item free of charge at www.tenantservicesauthority.org |
| 942 ## - ADDED ENTRY ELEMENTS (KOHA) | |
| Suppress in OPAC | 0 |
| Withdrawn status | Lost status | Source of classification or shelving scheme | Damaged status | Not for loan | Home library | Current library | Shelving location | Date acquired | Total Checkouts | Full call number | Barcode | Date last seen | Copy number | Price effective from | Koha item type |
|---|---|---|---|---|---|---|---|---|---|---|---|---|---|---|---|
| Dewey Decimal Classification | Virtual | Virtual | Online | 23/03/2012 | ONLINE PUBLICATION | 155442-2001 | 06/08/2019 | 1 | 06/08/2019 | Book |